Statistiques concernant Langues du monde de A à Z

Cliquez ici pour prendre le quiz!

Statistiques générales

  • Ce quiz a été pris 148 fois
  • Le résultat moyen est 14 sur 26

Statistiques - réponses

indicelangue% Correct
ALangue du coranarabe
99%
LLangue de la Rome antiquelatin
85%
HLangue officielle d'Israëlhébreu
82%
RLangue Romane d'Europe de l'Estroumain
74%
IUne des langues celtiques les plus parléesirlandais
71%
BLangue du nord de l'Espagne qui n'est pas étroitement liée à d'autresbasque
71%
ECréé en 1887, il était prévu d'être un langage universelespéranto
68%
FLa langue de Jean Sibelius, connue dans sa propre langue comme le suomifinnois
68%
CVariété de chinois parlé dans la région de Hong Kongcantonais
67%
KLangue officielle du Cambodgekhmer
66%
DDescendante du vieux norroisdanois
61%
ZLangue la plus parlée en Afrique du Sudzoulou
60%
UParlé dans la ville d'Odessaukrainien
59%
VLangue la plus parlée en Indochinevietnamien
57%
JPeut être écrit en les kanas, hiraganas et kanjisjaponais
56%
TLangue dominante d'Anatolieturc
56%
YLangue juive qui s'est développée en Europe de l'Estyiddish
55%
QLa langue principale de l'empire inca, encore parlée aujourd'huiquechua
39%
SLingua franca de Tanzanie et du Kenyaswahili
37%
GSon script ressemble à ceci: ქართულიgéorgien
36%
WVariété de chinois parlé dans la région de Shanghaiwu
36%
MLangue officielle de Madagascarmalagasy
32%
NA le plus de locuteurs d'une langue amérindienne aux États-Unisnavajo
26%
PCette langue de l'Inde et du Pakistan est la plus parlée,
qui n'est la langue officielle d'aucun pays.
panjâbî
23%
XLa langue maternelle de Nelson Mandelaxhosa
17%
OLangue la plus parlée en Ethiopieoromo
6%

Distribution des résultats

Percentile par nombre de réponses

% des personnes avec chaque résultat

Votre développement - résultats

Vous n’avez pas pris ce quiz